Interpersonal relationships : (Record no. 1818)
[ view plain ]
| 000 -LEADER | |
|---|---|
| fixed length control field | 01338cam a22003857a 4500 |
| 003 - CONTROL NUMBER IDENTIFIER | |
| control field | OSt |
| 005 - DATE AND TIME OF LATEST TRANSACTION | |
| control field | 20210630093444.0 |
| 008 - FIXED-LENGTH DATA ELEMENTS--GENERAL INFORMATION | |
| fixed length control field | 070614s2007 stka 000 0 eng d |
| 020 ## - INTERNATIONAL STANDARD BOOK NUMBER | |
| International Standard Book Number | 9781416029137 (pbk.) |
| 020 ## - INTERNATIONAL STANDARD BOOK NUMBER | |
| International Standard Book Number | 1416029133 (pbk.) |
| 040 ## - CATALOGING SOURCE | |
| Transcribing agency | UKM |
| 042 ## - AUTHENTICATION CODE | |
| Authentication code | ukblsr |
| -- | lccopycat |
| 050 00 - LIBRARY OF CONGRESS CALL NUMBER | |
| Classification number | RT86.3 |
| Item number | .A76 2007 |
| 100 1# - MAIN ENTRY--PERSONAL NAME | |
| Personal name | Arnold, Elizabeth. |
| 245 10 - TITLE STATEMENT | |
| Title | Interpersonal relationships : |
| Remainder of title | professional communication skills for nurses / |
| Statement of responsibility, etc. | Elizabeth C. [sic] Arnold, Kathleen Underman Boggs. |
| 250 ## - EDITION STATEMENT | |
| Edition statement | 5th ed. |
| 260 ## - PUBLICATION, DISTRIBUTION, ETC. | |
| Place of publication, distribution, etc. | St. Louis, Mo. ; |
| -- | Edinburgh : |
| Name of publisher, distributor, etc. | Elsevier Saunders, |
| Date of publication, distribution, etc. | c2007. |
| 300 ## - PHYSICAL DESCRIPTION | |
| Extent | x, 555 p. : |
| Other physical details | ill. ; |
| Dimensions | 24 cm. |
| 500 ## - GENERAL NOTE | |
| General note | Previous ed.: St. Louis, Mo.: Saunders, 2003. |
| 650 #0 - SUBJECT ADDED ENTRY--TOPICAL TERM | |
| Topical term or geographic name entry element | Nurse and patient. |
| 650 #0 - SUBJECT ADDED ENTRY--TOPICAL TERM | |
| Topical term or geographic name entry element | Interpersonal communication. |
| 650 #2 - SUBJECT ADDED ENTRY--TOPICAL TERM | |
| Topical term or geographic name entry element | Communication |
| Form subdivision | Nurses' Instruction. |
| 650 #2 - SUBJECT ADDED ENTRY--TOPICAL TERM | |
| Topical term or geographic name entry element | Interpersonal Relations |
| Form subdivision | Nurses' Instruction. |
| 650 #2 - SUBJECT ADDED ENTRY--TOPICAL TERM | |
| Topical term or geographic name entry element | Nurse-Patient Relations. |
| 700 1# - ADDED ENTRY--PERSONAL NAME | |
| Personal name | Boggs, Kathleen Underman. |
| 906 ## - LOCAL DATA ELEMENT F, LDF (RLIN) | |
| a | 7 |
| b | cbc |
| c | copycat |
| d | 3 |
| e | ncip |
| f | 20 |
| g | y-gencatlg |
| 942 ## - ADDED ENTRY ELEMENTS (KOHA) | |
| Source of classification or shelving scheme | |
| Koha item type | Book |
| Suppress in OPAC | DO |
| Withdrawn status | Lost status | Source of classification or shelving scheme | Damaged status | Not for loan | Permanent Location | Current Location | Shelving location | Date acquired | Total Checkouts | Full call number | Barcode | Date last seen | Price effective from | Koha item type | Public note |
|---|---|---|---|---|---|---|---|---|---|---|---|---|---|---|---|
| AU LIBRARY | AU LIBRARY | Open Shelf | 30.06.2021 | RT86.3 .A76 2007 | 28000587 | 30.06.2021 | 30.06.2021 | Book | DO |